Central Library OPAC University of Rajshahi

Airplane structures / (Record no. 14798)

MARC details
000 -LEADER
fixed length control field 00913cam a22002652 4500
001 - CONTROL NUMBER
control field 14798
003 - CONTROL NUMBER IDENTIFIER
rucl marc code BD-RjUL
005 - DATE AND TIME OF LATEST TRANSACTION
control field 20211208235708.0
008 - FIXED-LENGTH DATA ELEMENTS--GENERAL INFORMATION
fixed length control field 140208s1943 nyu b 001 0 eng
035 ## - SYSTEM CONTROL NUMBER
System control number (BD-RjUL)14852
040 ## - CATALOGING SOURCE
Original cataloging agency DLC
Transcribing agency SMI
Modifying agency RQB
-- EQO
-- BD-RjUL
Language of cataloging eng
041 ## - LANGUAGE CODE
Language code of text/sound track or separate title eng
082 ## - DEWEY DECIMAL CLASSIFICATION NUMBER
Classification number 629.14
Author mark and year NIA
100 1# - MAIN ENTRY--PERSONAL NAME
Personal name Niles, Alfred Salem,
Dates associated with a name 1894-
9 (RLIN) 46096
245 10 - TITLE STATEMENT
Title Airplane structures /
Statement of responsibility, etc. by Alfred S. Niles and Joseph S. Newell.
Number of part/section of a work Volume II
260 ## - PUBLICATION, DISTRIBUTION, ETC. (IMPRINT)
Place of publication, distribution, etc. New York :
Name of publisher, distributor, etc. J. Wiley & sons, inc. ;
Place of publication, distribution, etc. London :
Name of publisher, distributor, etc. Chapman & Hall, limited,
Date of publication, distribution, etc. 1943.
300 ## - PHYSICAL DESCRIPTION
Pagination xi, 413 p. :
Illustrations diagrs. ;
Size 24 cm.
500 ## - GENERAL NOTE
General note "In many ways this volume is a revised edition of 'Airplane design' published by the Air corps." - Pref.
504 ## - BIBLIOGRAPHY, ETC. NOTE
Bibliography, etc Bibliography: p. 389-391.
650 #0 - SUBJECT ADDED ENTRY--TOPICAL TERM
Topical term or geographic name as entry element Airplanes.
9 (RLIN) 46097
700 1# - ADDED ENTRY--PERSONAL NAME
Personal name Newell, Joseph Shipley,
Dates associated with a name 1897-
942 ## - ADDED ENTRY ELEMENTS (KOHA)
Source of classification or shelving scheme Dewey Decimal Classification
Koha item type Books
Holdings
Lost status Source of classification or shelving scheme Materials specified (bound volume or other part) Damaged status Not for loan Collection code Permanent Location Current Location Shelving location Date acquired Source of acquisition Cost, normal purchase price Total Checkouts Full call number Date last seen Copy number Koha item type
  Dewey Decimal Classification V-2   Not For Loan Non-fiction Central Library, University of Rajshahi Central Library, University of Rajshahi Reading Room 02/11/1956 A.B.C 54.70   629.14 NIA 1943 08/02/2014 C-1 Books